Czy rozpoznasz modele Mercedesa? cz.2 - Statystyki

Ogólne statystyki
  • Ten quiz został rozwiązany 196 razy
  • Średni wynik to 5 z 23
Statystyki odpowiedzi
Obrazkowy Odpowiedź % Poprawnych
GLC
76%
GLE I
49%
Klasa B I
43%
GLC Coupe
41%
AMG GT
39%
GLE Coupe
38%
Vito I
35%
Vito II
26%
Klasa X
25%
SLS AMG
21%
SLR McLaren
20%
EQC
18%
GLE II
18%
Klasa B II
18%
Vaneo
18%
Klasa B III
16%
Klasa R V251
5%
Klasa G W460
4%
Klasa G W463
4%
Klasa G W461
3%
Klasa V W447
1%
Klasa V W638
1%
Klasa V W639
1%
Nie znaleziono quizów pasujących do podanych kryteriów
Rozkład punktacji
Procent ludzi z każdym wynikiem
Percentyl według liczby udzielonych odpowiedzi
Twoja historia wyników
Nie rozwiązałeś tego quizu